National Anthem of Chile - Himno Nacional de Chile - Statistics

General Stats
  • This quiz has been taken 4 times
  • The average score is 107 of 125
Answer Stats
Lyrics % Correct
azulado.
100%
baña
100%
bordado
100%
brisas
100%
campo
100%
Chile,
100%
Chile
100%
cielo
100%
cruzan
100%
de
100%
Dulce
100%
el
100%
es
100%
Es
100%
ese
100%
esplendor.
100%
flores
100%
futuro
100%
juró:
100%
los
100%
mar
100%
Patria,
100%
promete
100%
Puras
100%
Puro,
100%
Que
100%
que
100%
recibe
100%
también.
100%
te
100%
Te
100%
tranquilo
100%
tu
100%
votos
100%
Y
100%
aras
75%
asilo
75%
Con
75%
contra
75%
copia
75%
del
75%
Edén.
75%
en
75%
feliz
75%
la
75%
libres
75%
o
75%
O
75%
opresión
75%
opresión.
75%
serás
75%
tumba
75%
baluarte
50%
dio
50%
por
50%
Señor,
50%
tus
50%
presión
25%
orpesión
0%
No matching quizzes found
Score Distribution
Percent of People with Each Score
Percentile by Number Answered
Your Score History
You have not taken this quiz